Central Library OPAC University of Rajshahi

The shrinking world / (Record no. 24221)

MARC details
000 -LEADER
fixed length control field 01160nam a2200313 4500
001 - CONTROL NUMBER
control field 24221
003 - CONTROL NUMBER IDENTIFIER
rucl marc code BD-RjUL
005 - DATE AND TIME OF LATEST TRANSACTION
control field 20211209001025.0
008 - FIXED-LENGTH DATA ELEMENTS--GENERAL INFORMATION
fixed length control field 140312s1966 enkabc j b 001 0 eng d
020 ## - INTERNATIONAL STANDARD BOOK NUMBER
International Standard Book Number 0540001279
035 ## - SYSTEM CONTROL NUMBER
System control number (BD-RjUL)24287
040 ## - CATALOGING SOURCE
Original cataloging agency DLC
Transcribing agency DLC
Modifying agency DLC
-- BD-RjUL
Language of cataloging eng
041 ## - LANGUAGE CODE
Language code of text/sound track or separate title eng
082 00 - DEWEY DECIMAL CLASSIFICATION NUMBER
Classification number 914.203
Author mark and year BES V-3 1966
100 1# - MAIN ENTRY--PERSONAL NAME
Personal name Beggs-Humphreys, Mary Eleanor
9 (RLIN) 74606
245 14 - TITLE STATEMENT
Title The shrinking world /
Statement of responsibility, etc. by M. E. Beggs-Humphreys and D. W. Humphreys, with black-and-white illustrations from contemporary sources and many photographs and maps.
Number of part/section of a work Book Three
250 ## - EDITION STATEMENT
Edition statement 5th ed.
260 ## - PUBLICATION, DISTRIBUTION, ETC. (IMPRINT)
Place of publication, distribution, etc. London :
Name of publisher, distributor, etc. G. Philip,
Date of publication, distribution, etc. 1966
300 ## - PHYSICAL DESCRIPTION
Pagination vi, 270 p. :
Illustrations illus. (incl. ports.), maps, diagrs. ;
Size 22 1/2 cm.
350 ## - PRICE (NR) (BK AM CF MU VM SE) [OBSOLETE]
Price 10/6
504 ## - BIBLIOGRAPHY, ETC. NOTE
Bibliography, etc Includes bibliographies. and Index
651 #0 - SUBJECT ADDED ENTRY--GEOGRAPHIC NAME
Geographic name Great Britain
General subdivision History
Chronological subdivision 18th century
General subdivision Juvenile literature.
9 (RLIN) 74608
Geographic name Great Britain
General subdivision History
Chronological subdivision 19th century
General subdivision Juvenile literature.
9 (RLIN) 74609
700 1# - ADDED ENTRY--PERSONAL NAME
Personal name Humphreys, Darlow Willis,
Relator term joint author.
942 ## - ADDED ENTRY ELEMENTS (KOHA)
Source of classification or shelving scheme Dewey Decimal Classification
Koha item type Books
Holdings
Lost status Source of classification or shelving scheme Damaged status Not for loan Collection code Permanent Location Current Location Shelving location Date acquired Source of acquisition Cost, normal purchase price Total Checkouts Full call number Date last seen Copy number Koha item type
  Dewey Decimal Classification   Added to bundle Non-fiction Central Library, University of Rajshahi Central Library, University of Rajshahi Reading Room 21/01/1970 Zeit 0.00   914.203 BES V-3 1966 12/03/2014 C-1 Books